Entry Personal Name
Number of records used in: 1
001 - CONTROL NUMBER
003 - CONTROL NUMBER IDENTIFIER
005 - DATE AND TIME OF LATEST TRANSACTION
- control field:
20200206103419.0
008 - FIXED-LENGTH DATA ELEMENTS
- fixed length control field:
991130|| anannbabn |a aaa
010 ## - LIBRARY OF CONGRESS CONTROL NUMBER
- LC control number:
sh 99014545
040 ## - CATALOGING SOURCE
- Original cataloging agency:
DLC
- Language of cataloging:
eng
- Transcribing agency:
DLC
- Modifying agency:
DLC
053 #0 - LC CLASSIFICATION NUMBER
- Classification number element--single number or beginning number of span:
BP133.7.M84
100 0# - HEADING--PERSONAL NAME
- Personal name:
Muḥammad,
- Titles and other words associated with a name:
Prophet,
- Dates associated with a name:
-632
- General subdivision:
In the Qurʼan
400 0# - SEE FROM TRACING--PERSONAL NAME
- Control subfield:
nne
- Personal name:
Muḥammad,
- Titles and other words associated with a name:
Prophet,
- Dates associated with a name:
d. 632
- General subdivision:
In the Koran
450 ## - SEE FROM TRACING--TOPICAL TERM
- Control subfield:
nne
- Topical term or geographic name entry element:
Muḥammad, Prophet, d. 632, in the Koran
670 ## - SOURCE DATA FOUND
- Source citation:
Work cat.: Dalāt al-Qurʼān al-Mubīn ʻalá ... c1997.